000 00300nam a22001337a 4500
008 171017b xxu||||| |||| 00| 0 eng d
020 _a0137248806
041 _aeng
080 _a338
100 _a53
101 _aMEN
245 _aPRODUCTION AND INVETORY MANAGEMNET
_cHAX.A.C
942 _2udc
_cBK
999 _c34510
_d34510